Welcome to the Holygrace Academy Library

Please use search bar below to get started

PRINCIPLES OF POPULATION STUDIES (Record no. 1552)

MARC details
000 -LEADER
fixed length control field 00429nam a22001577a 4500
020 ## - INTERNATIONAL STANDARD BOOK NUMBER
ISBN 81-7493-616-5
082 ## - DEWEY DECIMAL CLASSIFICATION NUMBER
Classification number 900
Item number BHE/P
100 ## - MAIN ENTRY--AUTHOR NAME
Personal name BHENDE, ASHA.A
245 ## - TITLE STATEMENT
Title PRINCIPLES OF POPULATION STUDIES
Remainder of title SOCIAL SCIENCE
246 ## - VARYING FORM OF TITLE
Title proper/short title PRINCIPLES OF POPULATION STUDIES
Remainder of title SOCIAL SCIENCE
260 ## - PUBLICATION, DISTRIBUTION, ETC. (IMPRINT)
Place of publication MUMBA
Name of publisher HIMALAYA PUBLISHING HOUSE
Year of publication 2004
300 ## - PHYSICAL DESCRIPTION
Number of Pages 611
520 ## - SUMMARY, ETC.
Summary, etc SOCIAL SCIENCE
650 ## - SUBJECT ADDED ENTRY--TOPICAL TERM
Topical Term SOCIAL SCIENCE
942 ## - ADDED ENTRY ELEMENTS (KOHA)
Koha item type Books
Holdings
Withdrawn status Lost status Collection code Home library Current library Shelving location Date acquired Source of acquisition Cost, normal purchase price Full call number Accession Number Koha item type
    Reference Main Library Main Library SHELF-5 G REFERENCE SOCIAL SCIENCE 08/10/2005 Purchase 175.00 900 BHE/P 02200 Books